000 01385nam a2200337 i 4500
003 EG-GICUC
005 20260125112321.0
008 260125s2003 ua ||||fr|||| 00| 0 ara d
017 _a2002/16311
020 _a977-6067-0402
040 _a EG-GICUC
_c EG-GICUC
_d EG-GICUC
_erda
_bara
041 0 _aara
082 0 4 _221
_a345.456
_bع ب . ض
092 0 4 _221
099 _aLaw1 07 345.456 ع ب . ض 2003
100 0 _aعبد العزيز عبد المنعم خليفة
_eمؤلف.
245 1 0 _aضمانات التأديب في التحقيق الإداري و المحاكمة التأديبية/
_cدكتور عبد العزيز عبد المنعم خليفة
264 _a[مكان النشر غير محدد] :
_b[الناشر غير محدد],
_c2003.
300 _a359 صفحة ؛
_c24 سم
_bإيضاحيات، صور، مثيليات ؛
336 _2rda content
_atext
337 _2rda media
_aComputer
338 _2rda carrier
_aOnline Resource
504 _aيشتمل علي ارجاعات ببليوجرافية
546 _aالنص باللغة العربية
650 1 _aالقانون الإداري
_2qrmak
650 1 4 _2إجراءات وضمانات تأديب العاملين المدنيين بالدولة
651 1 4 _2qrmak
856 4 0 _uhttps://fll.law.cu.edu.eg/fulltext/bks/B07-01854.pdf
905 _a74
942 _2ddc
_n0
_cBK
_e21
999 _c59220
_d59220